| 000 | 00719cam a2200169 4500 | ||
|---|---|---|---|
| 001 | WS122778 | ||
| 008 | 030627n 000 0 eng u | ||
| 035 | _a(Sirsi) u122778 | ||
| 110 |
_aAssociation of Cost Engineers _91254 |
||
| 245 | _aAssociation of Cost Engineers | ||
| 520 | _aWeb site for this organisation, affiliated to the engineering council, which represents people using the principles of engineering cost management. Includes details of events and links to their journal 'Cost Engineer' | ||
| 650 | _aORGANISATION | ||
| 650 | _aCOST ENGINEERING | ||
| 690 | _aBUILT ENVIRONMENT-BUILDING COSTS | ||
| 856 | 4 | 0 |
_uhttps://www.acoste.org.uk _zView the website free of charge at www.acoste.org.uk... |
| 942 | _n0 | ||
| 999 |
_c120284 _d120284 |
||